000 01522nam a2200277 a 4500
008 120416s1981 ||||||||||||||||| || u
020 _a0080275893
050 _aHD 9502.A2 Int
100 _aFazzolare, Rocco
245 1 0 _aBeyond the energy crisis
_cedited by R. A. Fazzolare
246 _aopportunity and challenge
260 _aOxford
_bPergamon Press
_c1981
300 _a4 v. (xl, 2241, 437 p.) : ill.
350 _a0.00
500 _a'Organized by The Interdisciplinary Group for Ecology, Development and Energy (EDEN).' -Includes bibliographies.
650 _aGASES
650 _aENERGY POLICY--CONGRESSES
650 _aPOWER RESOURCES--CONGRESSES
700 _aSmith, Craig B
710 _aInterdisciplinary Group for Ecology, Development, and Energy
710 _aInternational Conference on Energy Use Management (3rd : 1981 : Berlin, Germany)
995 _aMAIN LIBRARY OPEN ACCESS
_D0.00
_e726559
_FCBU-MAIN LIBRARY (Kitwe)
_H2
_I8.90
_jHD 9502.A2 Int
_M1
_UAVAILABLE
_y018322
_ZMain Library Open Access Collection
995 _aANNEX COLLECTION (Main Library)
_D0.00
_e726560
_FCBU-MAIN LIBRARY (Kitwe)
_H3
_I8.90
_jHD 9502.A2 Int
_M3
_UAVAILABLE
_y018324
_ZAnnex Low-Usage Collection
995 _aMAIN LIBRARY OPEN ACCESS
_D0.00
_e726562
_FCBU-MAIN LIBRARY (Kitwe)
_H1
_I8.90
_jHD 9502.A2 Int
_M2
_UAVAILABLE
_y018323
_ZMain Library Open Access Collection
995 _aANNEX COLLECTION (Main Library)
_D0.00
_e726561
_FCBU-MAIN LIBRARY (Kitwe)
_H4
_I8.90
_jHD 9502.A2 Int
_M4
_UAVAILABLE
_y018337
_ZAnnex Low-Usage Collection
999 _c81094
_d81094